000 00472nam a2200181Ia 4500
005 20250317123618.0
008 008 250317s9999 xx 000 0 eng d
037 _aTextbook
040 _aFMSL
_beng
_cFMSL
041 _aeng
_2eng
084 _aB28 K5
_qFMSL
100 _aAmds J R
_9740555
245 0 _aStatistical concepts
260 _aNY
_bNY, Harper & Row
_c1965
300 _a121p
942 _cTB
_hB28 K5
999 _c1252023
_d1252023